Góngora : hermetismo poético y alquimia /
Đã lưu trong:
| Tác giả chính: | |
|---|---|
| Định dạng: | Sách |
| Ngôn ngữ: | Tiếng Tây Ban Nha |
| Được phát hành: |
Buenos Aires, Argentina :
Ediciones Culturales Argentinas : Ministerio de Educación y Justicia,
1965, c1965
|
| Loạt: | (Clásicos Universales)
|
| Những chủ đề: | |
| Các nhãn: |
Không có thẻ, Là người đầu tiên thẻ bản ghi này!
|
MARC
| LEADER | 00000nam^a2200000^a^4500 | ||
|---|---|---|---|
| 001 | 000157827 | ||
| 005 | 20250521000000.0 | ||
| 009 | 20260310100552.905 | ||
| 037 | |a Acervo ITESO - Biblioteca | ||
| 041 | |a ESP | ||
| 082 | |a 860. 94604 |b MAR | ||
| 100 | |a Marasso, Arturo |e (autor) | ||
| 245 | 1 | 0 | |a Góngora : |b hermetismo poético y alquimia / |c A. Marasso. |
| 264 | 4 | |a Buenos Aires, Argentina : |b Ediciones Culturales Argentinas : |b Ministerio de Educación y Justicia, |c 1965, c1965 | |
| 300 | |a 102 p. | ||
| 336 | |a texto |b txt |2 rdacontenido | ||
| 337 | |a sin mediación |b n |2 rdamedio | ||
| 338 | |a volumen |b nc |2 rdasoporte | ||
| 440 | 1 | |a (Clásicos Universales) | |
| 545 | 0 | |a Luis de Góngora y Argote (Córdoba, 1561-1627), poeta español perteneciente al Siglo de Oro, cuya obra se caracteriza por el uso de metáforas insólitas, figuras retóricas rebuscadas y voces latinas en desuso. Góngora es el creador del llamado culteranismo o gongorismo, corriente que polemizó con el conceptismo de Francisco de Quevedo; al margen de la polémica, ambos constituyen los máximos representantes de la literatura barroca en España. Las obras mayores de Góngora son La fábula de Polifemo y Galatea, Las soledades y el Panegírico al Duque de Lerma; y tiene otros textos menores, como Angélica y Medoro, El doctor Carlino y Las firmezas de Isabela. | |
| 649 | |a XX | ||
| 650 | |a Escritores Españoles | ||
| 650 | |a Poesía Española - |x Historia y Crítica | ||
| 650 | |a Literatura Española - |y Epoca Clásica, 1500-1700 | ||
| 650 | |a Literatura Española - |x Historia y Crítica | ||
| 650 | |a Góngora y Argote, Luis de | ||
| 910 | |a Fondo Salvador Reynoso Reynoso | ||
| 920 | |a Impresos - Libros | ||
| 930 | |a Fondos Especiales | ||
| 940 | |a Literatura | ||
| 905 | |a 112 | ||
| 901 | |a 0800016338 |b IT2 |c ESP |u 20250521 | ||
| 902 | |a https://opac.biblio.iteso.mx/vufind/Record/000157827 | ||